[Event "Chile Championship Women 2022"]
[Site "Las Condes"]
[Date "2022.02.22"]
[Round "6.3"]
[White "Araos Diaz, Constanza Paz"]
[Black "Gomez Barrera, Javiera Belen"]
[Result "0-1"]
[WhiteElo "1435"]
[BlackElo "2199"]
[Annotator "TA"]
[PlyCount "132"]
[EventDate "2022.02.18"]
[EventType "tourn"]
[EventCountry "CHI"]
[SourceTitle "playchess.com"]
[Source "ChessBase"]
[SourceQuality "1"]

{[%evp 10,132,5,0,12,-22,-16,-41,-33,-35,-29,-97,-106,-95,-91,-149,-143,-163,-135,-141,-132,-150,-108,-156,-156,-151,-147,-156,-145,-150,-143,-138,-122,-133,-147,-167,-146,-168,-161,-159,-152,-158,-102,-110,-94,-88,-88,-100,-90,-91,0,-84,-50,-52,-51,-58,-43,-52,-48,-137,-148,-148,-160,-150,-152,-114,-124,-112,-112,-270,-270,-270,-270,-270,-270,-271,-271,-414,-271,-525,-503,-515,-499,-543,-494,-1195,-1216,-1262,-1147,-29975,-29976,-29976,-29977,-29979,-29978,-29978,-29979,-29981,-29982,-29982,-29983,-29990,-29991,-29991,-29992,-29992,-29993,-29993,-29994,-29994,-29995,-29995,-29996,-29996,-29996,-29996,-29996,-29996,-29996,-29996,-29997,-29997,-29998,-29998,-29999]} 1. d4 Nf6 2. Bf4 g6 3. e3 Bg7 4. Nf3 d6 5. Be2 O-O 6. O-O Nc6 {[%cal Oe7e5] is the new trend. A48: 1 d4 Nf6 2 Nf3 g6: Torre, London and Colle Systems.} 7. c4 e5 8. dxe5 Ne4 {[%cal Rd6e5] Black is slightly better.} 9. Nbd2 {[#]} dxe5 $146 {[#] ...Nxd2 is the strong threat.} ({Predecessor:} 9... Nxd2 10. Qxd2 dxe5 11. Qxd8 Rxd8 12. Bg5 f6 13. Bh4 e4 14. Nd4 Nxd4 15. exd4 Rxd4 {0-1 (31) Atanasov,A (2144)-Harutyunian,T (2549) Chess.com INT 2020}) 10. Bg3 (10. Nxe4 $11 {remains equal.} exf4 11. exf4) 10... Nxg3 $17 11. hxg3 Qe7 12. Rb1 (12. Ne4 $142) 12... e4 13. Nh2 Rd8 14. a3 {To avoid Qb4} a5 15. Qc2 f5 (15... h5 $142 16. Rfd1 f5) 16. Rbd1 (16. g4 $142) 16... Qe5 17. b3 h5 {Prevents g4.} 18. Nb1 Be6 19. Rxd8+ Rxd8 20. Rd1 Rxd1+ 21. Bxd1 Bf8 22. Qa2 Qd6 23. Be2 Ne5 24. Nf1 c6 25. f3 exf3 {Black is much more active. White has bad knights.} ({Black should try} 25... Nd7 26. fxe4 fxe4) 26. gxf3 Be7 27. Qc2 Qc5 28. Qc3 {[%cal Ob3b4]} Bf6 {[%cal Oe5f3]} (28... Nd7 {keeps more tension.} 29. f4 h4 30. gxh4 Bxh4 31. b4 axb4 32. Qxb4 g5) 29. Qd2 Be7 (29... Qb6 $17 30. f4 Nd7) 30. Qd4 (30. Qc3 $1 $11) 30... a4 31. Qxc5 $1 Bxc5 32. b4 Be7 33. Nfd2 Bf6 34. Bd1 (34. c5 $15) 34... Nxc4 ({Much less strong is} 34... Bxc4 35. f4 Be6 36. fxe5 Bxe5 37. Kf2 $16) 35. Nxc4 Bxc4 36. Bxa4 {[%mdl 4096] Endgame KBB-KBN} Bd3 {Inhibits Bc2.} 37. Bb3+ Kf8 38. Nd2 b5 {[#] Inhibits Bc4. Hoping for ...Bb2.} 39. Nf1 $2 {This costs White the game.} (39. f4 $17 {was necessary.}) 39... Bb2 $19 40. a4 Bc3 41. axb5 cxb5 42. Kf2 Bxb4 {Threatens to win with ...g5. This bishop pair is nice.} 43. Nh2 (43. f4 {keeps fighting.}) 43... Ke7 {And now ...g5 would win.} 44. g4 $2 (44. f4 {was the only defense.}) 44... fxg4 45. fxg4 Bd6 46. Nf3 hxg4 47. Nd4 (47. Nd2 $142 Kf6 48. Bd1) 47... Be5 48. Nc6+ Kd6 49. Nxe5 Kxe5 {KB-KB. Black mates.} 50. Bd1 b4 {[%cal Bb5b4,Bb4b3][%mdl 32]} 51. Bb3 g5 52. Kg3 Bf5 53. Kf2 Be6 54. Bc2 b3 55. Bb1 Bf5 56. e4 Bxe4 57. Bxe4 Kxe4 {KP-KP} 58. Ke2 g3 59. Kd2 g2 60. Kc3 g1=Q 61. Kxb3 Qd4 62. Kc2 Qd3+ 63. Kb2 Qc4 64. Ka1 Qe2 65. Kb1 Kd3 66. Ka1 Kc3 {Weighted Error Value: White=0.48/Black=0.11 (very precise)} 0-1

[Event "Chile Championship Women 2022"]
[Site "Las Condes"]
[Date "2022.02.22"]
[Round "6.4"]
[White "Rozas Lazcano, Valeska"]
[Black "Luna Benalcazar, Gianella"]
[Result "1/2-1/2"]
[WhiteElo "1456"]
[BlackElo "1736"]
[Annotator "NA RC"]
[PlyCount "84"]
[EventDate "2022.02.18"]
[EventType "tourn"]
[EventCountry "CHI"]
[SourceTitle "playchess.com"]
[Source "ChessBase"]
[SourceQuality "1"]
[TimeControl "5400+30"]

1. e4 {[%emt 0:00:03]} c5 {[%emt 0:08:43]} 2. Nc3 {[%emt 0:00:08]} a6 {[%emt 0:00:09]} 3. Nf3 {[%emt 0:00:19]} b5 {[%emt 0:00:12]} 4. d4 {[%emt 0:00:18]} cxd4 {[%emt 0:00:07]} 5. Nxd4 {[%emt 0:00:06]} Bb7 {[%emt 0:00:28]} 6. a3 {[%emt 0:00:15]} g6 {[%emt 0:00:23]} 7. g3 {[%emt 0:00:18]} Bg7 {[%emt 0:00:18]} 8. Bg2 {[%emt 0:00:22]} Nh6 {[%emt 0:00:21]} 9. O-O {[%emt 0:00:38]} O-O {[%emt 0:00:09]} 10. Be3 {[%emt 0:01:48]} d6 {[%emt 0:00:30]} 11. f4 {[%emt 0:03:41]} e5 {[%emt 0:05:40]} 12. Nb3 {[%emt 0:06:38]} f5 {[%emt 0:06:54]} 13. fxe5 {[%emt 0:08:39]} Ng4 {[%emt 0:03:26]} 14. Bc1 {[%emt 0:05:57]} Bxe5 {[%emt 0:09:06]} 15. Ne2 {[%emt 0:11:44]} fxe4 {[%emt 0:06:48]} 16. Rxf8+ {[%emt 0:01:30]} Kxf8 {[%emt 0:03:07]} 17. Ned4 {[%emt 0:04:54]} Qd7 {[%emt 0:10:05]} 18. Na5 {[%emt 0:07:26]} Nf6 {[%emt 0:04:03]} 19. Bh6+ {[%emt 0:07:35]} Kg8 {[%emt 0:02:29]} 20. Nxb7 {[%emt 0:02:06]} Qxb7 {[%emt 0:00:19]} 21. c3 {[%emt 0:02:33]} d5 {[%emt 0:03:30]} 22. Bh3 {[%emt 0:02:10]} Bxd4+ {[%emt 0:06:54]} 23. Qxd4 {[%emt 0:00:57]} Qa7 {[%emt 0:01:18]} 24. Qxa7 {[%emt 0:04:34]} Rxa7 {[%emt 0:00:00]} 25. Be6+ {[%emt 0:00:09]} Kh8 {[%emt 0:00:37]} 26. Bg5 {[%emt 0:09:58]} Kg7 {[%emt 0:08:45]} 27. Bxf6+ {[%emt 0:00:32]} Kxf6 {[%emt 0:00:02]} 28. Bxd5 {[%emt 0:00:07]} Ke5 {[%emt 0:03:29]} 29. Bb3 {[%emt 0:04:15]} Nd7 {[%emt 0:17:08]} 30. Rd1 {[%emt 0:00:54]} Nf6 {[%emt 0:00:00]} 31. h3 {[%emt 0:00:06]} h5 {[%emt 0:00:00]} 32. Kf2 {[%emt 0:00:55]} a5 {[%emt 0:00:00]} 33. Bc2 {[%emt 0:03:27]} Rc7 {[%emt 0:00:00]} 34. Rd4 {[%emt 0:04:17]} Rc4 {[%emt 0:00:00]} 35. Rxc4 {[%emt 0:04:06]} bxc4 {[%emt 0:00:00]} 36. Bb1 {[%emt 0:00:07]} g5 {[%emt 0:00:11]} 37. Ba2 {[%emt 0:02:02]} Kd5 {[%emt 0:01:23]} 38. Ke3 {[%emt 0:00:17]} Ne8 {[%emt 0:01:38]} 39. Bb1 {[%emt 0:01:59]} Nd6 {[%emt 0:00:10]} 40. g4 {[%emt 0:00:05]} h4 {[%emt 0:00:43]} 41. Bc2 {[%emt 0:00:03]} Ke5 {[%emt 0:00:55]} 42. Bd1 {[%emt 0:01:08]} Kd5 {[%emt 0:01:30]} 1/2-1/2

[Event "Chile Championship Women 2022"]
[Site "Las Condes"]
[Date "2022.02.22"]
[Round "6.5"]
[White "Sanchez Tobar, Francisca Valentina"]
[Black "Fuentes Inzunza, Lesly"]
[Result "1-0"]
[WhiteElo "1837"]
[BlackElo "1816"]
[Annotator "NA RC"]
[PlyCount "85"]
[EventDate "2022.02.18"]
[EventType "tourn"]
[EventCountry "CHI"]
[SourceTitle "playchess.com"]
[Source "ChessBase"]
[SourceQuality "1"]
[TimeControl "5400+30"]

1. e4 {[%emt 0:02:37]} d5 {[%emt 0:00:06]} 2. exd5 {[%emt 0:00:13]} Qxd5 {[%emt 0:00:09]} 3. Nc3 {[%emt 0:00:14]} Qd8 {[%emt 0:00:11]} 4. d4 {[%emt 0:00:33]} Nf6 {[%emt 0:00:12]} 5. Bc4 {[%emt 0:01:29]} g6 {[%emt 0:00:29]} 6. Nf3 {[%emt 0:00:21]} Bg7 {[%emt 0:00:26]} 7. h3 {[%emt 0:01:51]} O-O {[%emt 0:00:19]} 8. Be3 {[%emt 0:01:20]} Nc6 {[%emt 0:02:36]} 9. a4 {[%emt 0:03:20]} e6 {[%emt 0:07:13]} 10. O-O {[%emt 0:03:35]} b6 {[%emt 0:02:11]} 11. Qe2 {[%emt 0:13:10]} Bb7 {[%emt 0:04:45]} 12. Rfd1 {[%emt 0:05:48]} Ne7 {[%emt 0:02:03]} 13. Ba6 {[%emt 0:09:24]} Qc8 {[%emt 0:17:49]} 14. Bxb7 {[%emt 0:02:39]} Qxb7 {[%emt 0:00:08]} 15. Bg5 {[%emt 0:01:44]} h6 {[%emt 0:08:14]} 16. Bf4 {[%emt 0:08:00]} Ned5 {[%emt 0:06:24]} 17. Nxd5 {[%emt 0:02:11]} Nxd5 {[%emt 0:03:42]} 18. Be5 {[%emt 0:03:11]} c6 {[%emt 0:06:03]} 19. Bxg7 {[%emt 0:07:55]} Kxg7 {[%emt 0:00:16]} 20. Qe5+ {[%emt 0:00:13]} (20. c4 $5 {[%cal Rc4d5]} Nf6 21. b3 $14 (21. Qe5 Rfd8 $14)) 20... Nf6 {[%emt 0:06:41]} 21. Nd2 {[%emt 0:04:35]} Qb8 {[%emt 0:11:11]} 22. Ra3 {[%emt 0:04:19]} Rd8 {[%emt 0:01:40]} 23. Rd3 {[%emt 0:02:10]} Rd5 {[%emt 0:01:43]} 24. Qe3 {[%emt 0:03:58]} Nh5 {[%emt 0:11:26]} (24... b5 $11) 25. g3 {[%emt 0:04:15]} Nf6 {[%emt 0:01:18]} 26. Nf3 {[%emt 0:00:53]} b5 {[%emt 0:00:30]} 27. axb5 {[%emt 0:01:15]} cxb5 {[%emt 0:00:16]} 28. Ne5 {[%emt 0:00:42]} a5 $14 {[%emt 0:01:04]} (28... Qd6 $11 {is more appropriate.}) 29. Re1 {[%emt 0:01:44]} b4 {[%emt 0:00:26]} 30. Nxf7 {[%emt 0:00:30]} Qc7 {[%emt 0:01:41]} 31. Nxh6 {[%emt 0:03:10]} Rh8 {[%emt 0:01:14]} 32. Ng4 {[%emt 0:00:11]} Rxh3 {[%emt 0:00:50]} 33. Nxf6 {[%emt 0:00:26]} Rd8 {[%emt 0:03:03]} 34. Qe5 {[%emt 0:02:18]} Qxe5 {[%emt 0:00:38]} 35. dxe5 {[%emt 0:00:03]} Rdh8 {[%emt 0:00:29]} 36. Rd7+ {[%emt 0:00:15]} Kh6 {[%emt 0:00:30]} 37. Kg2 {[%emt 0:01:04]} Kg5 {[%emt 0:00:12]} 38. Re4 {[%emt 0:01:05]} Rh2+ {[%emt 0:00:20]} 39. Kf3 {[%emt 0:00:18]} R8h3 {[%emt 0:00:51]} 40. Rf4 {[%emt 0:00:45]} Rh8 {[%emt 0:00:39]} 41. Ne4+ {[%emt 0:00:24]} Kh5 {[%emt 0:00:22]} 42. g4+ {[%emt 0:00:50]} Kh6 {[%emt 0:00:15]} 43. g5+ {[%emt 0:00:19]} 1-0

[Event "Chile Championship Women 2022"]
[Site "Las Condes"]
[Date "2022.02.23"]
[Round "7.1"]
[White "Luna Benalcazar, Gianella"]
[Black "Sanchez Tobar, Francisca Valentina"]
[Result "0-1"]
[WhiteElo "1736"]
[BlackElo "1837"]
[Annotator "NA RC"]
[PlyCount "84"]
[EventDate "2022.02.18"]
[EventType "tourn"]
[EventCountry "CHI"]
[SourceTitle "playchess.com"]
[Source "ChessBase"]
[SourceQuality "1"]
[TimeControl "5400+30"]

1. d4 {[%emt 0:05:10]} Nf6 {[%emt 0:02:49]} 2. c4 {[%emt 0:01:52]} d6 {[%emt 0:01:28]} 3. Nc3 {[%emt 0:00:06]} e5 {[%emt 0:01:21]} 4. d5 {[%emt 0:00:57]} g6 {[%emt 0:01:13]} 5. e4 {[%emt 0:00:15]} Bg7 {[%emt 0:00:27]} 6. h3 {[%emt 0:00:18]} Nbd7 {[%emt 0:01:43]} 7. Be3 {[%emt 0:00:35]} Nc5 {[%emt 0:01:21]} 8. Qc2 {[%emt 0:00:08]} a5 {[%emt 0:00:48]} 9. Be2 {[%emt 0:00:07]} O-O {[%emt 0:00:43]} 10. g4 {[%emt 0:00:07]} Rb8 {[%emt 0:05:24]} 11. b3 {[%emt 0:01:12]} Ne8 {[%emt 0:09:57]} 12. g5 {[%emt 0:00:07]} f5 {[%emt 0:22:45]} 13. gxf6 {[%emt 0:00:30]} Bxf6 {[%emt 0:04:34]} 14. Nf3 {[%emt 0:01:56]} Ng7 {[%emt 0:00:56]} 15. Bh6 {[%emt 0:04:38]} Rf7 {[%emt 0:10:33]} 16. Bxg7 {[%emt 0:00:30]} Bxg7 {[%emt 0:00:29]} 17. Rb1 {[%emt 0:06:42]} Qf8 {[%emt 0:05:09]} 18. Qd1 {[%emt 0:03:42]} Rf4 {[%emt 0:00:55]} 19. Nd2 {[%emt 0:22:18]} Rxf2 {[%emt 0:05:27]} 20. Nf3 {[%emt 0:05:24]} Rg2 {[%emt 0:06:19]} 21. Bf1 {[%emt 0:09:55]} Rg3 {[%emt 0:00:20]} 22. Kf2 {[%emt 0:00:36]} Rg5 {[%emt 0:00:51]} 23. Qd2 {[%emt 0:05:15]} Rh5 {[%emt 0:00:16]} 24. a3 {[%emt 0:08:10]} Bh6 {[%emt 0:01:58]} 25. Qe2 {[%emt 0:00:41]} Rh4 {[%emt 0:00:59]} 26. b4 {[%emt 0:00:48]} axb4 {[%emt 0:00:43]} 27. axb4 {[%emt 0:00:01]} Na6 {[%emt 0:01:11]} 28. Kg2 {[%emt 0:02:05]} Rf4 {[%emt 0:00:20]} 29. Qd3 {[%emt 0:01:42]} Bd7 {[%emt 0:00:48]} 30. Be2 {[%emt 0:02:07]} Qe7 {[%emt 0:01:12]} 31. Nd1 {[%emt 0:01:00]} Rxe4 {[%emt 0:01:10]} 32. Nf2 {[%emt 0:10:51]} Rf4 {[%emt 0:00:33]} 33. Qc3 {[%emt 0:01:01]} e4 {[%emt 0:01:59]} 34. Nh2 {[%emt 0:00:31]} Rbf8 {[%emt 0:01:07]} 35. Nhg4 {[%emt 0:00:49]} Bg7 {[%emt 0:00:13]} 36. Qg3 {[%emt 0:02:50]} h5 {[%emt 0:02:04]} 37. Nh6+ {[%emt 0:02:04]} Bxh6 {[%emt 0:00:40]} 38. Qxg6+ {[%emt 0:00:02]} Qg7 {[%emt 0:00:07]} 39. Qxg7+ {[%emt 0:00:43]} Bxg7 {[%emt 0:01:22]} 40. Nd1 {[%emt 0:00:06]} R4f5 {[%emt 0:01:29]} 41. Bf1 {[%emt 0:00:35]} Be5 {[%emt 0:00:12]} 42. Rg1 {[%emt 0:00:29]} Rxf1 {[%emt 0:01:45]} 0-1

[Event "Chile Championship Women 2022"]
[Site "Las Condes"]
[Date "2022.02.24"]
[Round "7.2"]
[White "Gomez Barrera, Javiera Belen"]
[Black "Rozas Lazcano, Valeska"]
[Result "1-0"]
[WhiteElo "2199"]
[BlackElo "1456"]
[Annotator "TA"]
[PlyCount "127"]
[EventDate "2022.02.18"]
[EventType "tourn"]
[EventCountry "CHI"]
[SourceTitle "playchess.com"]
[Source "ChessBase"]
[SourceQuality "1"]

{[%evp 23,127,45,93,60,58,44,44,41,44,44,42,34,45,44,41,33,70,44,51,49,58,39,21,42,43,22,141,141,141,137,141,135,135,135,134,134,138,138,158,153,231,236,251,233,265,231,323,329,464,431,539,405,713,692,681,676,1389,1343,1951,1822,2795,826,29979,29979,29971,29969,29993,29994,29994,-160,-164,-147,0,0,0,0,0,0,0,0,0,0,0,0,0,0,435,439,29980,745,29981,29981,29971,29954,29985,1972,29986,29987,29987,29988,29989,29990,29990,29991,29993,29994]} 1. e4 e5 2. Nf3 Nc6 3. Bb5 a6 4. Ba4 Nf6 5. O-O Be7 6. Re1 b5 7. Bb3 O-O 8. c3 d6 9. h3 Na5 10. Bc2 c5 11. d4 Nc6 12. d5 Nb8 (12... Na5 $14 {feels stronger.}) 13. b3 {[#] C96: Closed Ruy Lopez: Chigorin Defence: 11 d4, replies other than 11...Qc7.} a5 $146 ({Predecessor:} 13... Nbd7 14. Nbd2 Re8 15. Nf1 Nf8 16. Ng3 Ng6 17. Be3 Bf8 18. Qd2 Bd7 19. a4 Qc7 20. axb5 axb5 {0-1 (41) Hapala,E (2160)-Movsesian,J (2328) Chess.com INT 2020}) 14. a4 b4 15. c4 {White is slightly better.} h6 16. Nbd2 {[%cal Bb1d2,Bd2f1,Bf1g3,Bg3f5][%mdl 32]} Nh7 17. Nf1 Ng5 18. N3h2 Re8 19. Ng3 Ra7 20. Ra2 Nd7 21. Nf5 Bf8 22. h4 Nh7 23. Qf3 (23. Bd3 {keeps more tension.} Ndf6 24. g3 h5 25. f3 g6 26. Nh6+) 23... Nb6 24. g3 (24. Qg3 {is more complex.} Kh8 25. Bd3 Nf6 26. Rb2 Kh7 27. Qe3) 24... Bxf5 (24... Kh8 $11 {keeps the balance.}) 25. exf5 $16 Be7 26. Bd3 Bf6 ({Not} 26... Nf6 27. Rae2 $16) 27. Rae2 Kf8 28. Ng4 {[%cal Bh2g4,Bg4f2,Bf2e4][%mdl 32]} Nd7 29. Qg2 Kg8 30. Bb2 Be7 31. f4 {White is much more active. Black has bad knights.} f6 (31... Nhf6 $16 {keeps fighting.}) 32. Nf2 $18 ({Don't play} 32. fxe5 $6 fxe5 33. Nh2 Ndf6 $16) 32... Bf8 33. Ne4 Nb6 34. Qf3 Qd7 35. fxe5 fxe5 (35... Rxe5 $142 36. Bxe5 dxe5) 36. Rf1 Nf6 37. Bc1 Nxe4 (37... Kf7 $142 38. g4 Ke7) 38. Qxe4 {aiming for f6.} Qf7 39. g4 Nc8 40. g5 Kh8 41. Rg2 Be7 42. gxh6 (42. f6 $142 gxf6 43. gxf6 Bxf6 44. Bxh6) 42... gxh6 43. f6 Bxf6 44. Bxh6 Qe7 45. Qg6 e4 {[#]} 46. Bxe4 $2 {This bishop pair is nice.} Bd4+ $17 47. Kh1 {[%cal Oh6g7,Bg1h1,Bh1h2,Bh2h3,Bh3g4][%mdl 32] White threatens Bg7+! and mate.} Qxe4 ({Black should try} 47... Qxh4+ $17 48. Rh2 Qxe4+ 49. Qxe4 Rxe4 50. Rf8+ Kh7 51. Bd2+ Kg7 52. Rxc8 Rf7 53. Rg2+ Kf6) 48. Rf8+ $40 {[%mdl 192] Overworked Piece. White is up to no good.} Rxf8 49. Qxe4 {Chess con chili.} Rf1+ 50. Kh2 {Intending Qe8+ and mate.} Be5+ 51. Kh3 Raf7 52. Qg6 {[%csl Gg2][%cal Rg6g8]} R1f3+ 53. Kg4 Ne7 54. Qh5 {Hoping for Bf4+.} R3f5 {[%mdl 8192]} (54... Kg8 $11 {and Black is okay.}) 55. Bg5+ $18 Kg7 (55... Kg8 $18 56. Qh6 Rg7 57. Qe6+ Kh7) 56. Qh6+ Kg8 57. Bxe7 Bg7 58. Qxd6 Kh7 59. Bg5 (59. Qe6 $142 Rf1 60. d6 R7f4+ 61. Kh3 Rh1+ 62. Kg3 Rhf1 63. Kh3 Rh1+ 64. Kg3) 59... Re5 60. h5 {White mates.} Re4+ 61. Kh3 Rf3+ 62. Rg3 Rxg3+ 63. Qxg3 Bd4 64. Qd3 {What a fight!  Weighted Error Value: White=0.24 (precise) /Black=0.78} 1-0

[Event "Chile Championship Women 2022"]
[Site "Las Condes"]
[Date "2022.02.23"]
[Round "7.3"]
[White "Reyes Jara, Paula"]
[Black "Araos Diaz, Constanza Paz"]
[Result "1-0"]
[WhiteElo "1880"]
[BlackElo "1435"]
[Annotator "NA RC"]
[PlyCount "119"]
[EventDate "2022.02.18"]
[EventType "tourn"]
[EventCountry "CHI"]
[SourceTitle "playchess.com"]
[Source "ChessBase"]
[SourceQuality "1"]
[TimeControl "5400+30"]

1. e4 {[%emt 0:04:15]} d5 {[%emt 0:00:01]} 2. exd5 {[%emt 0:00:47]} Qxd5 {[%emt 0:00:03]} 3. Nc3 {[%emt 0:00:14]} Qd6 {[%emt 0:00:05]} 4. d4 {[%emt 0:00:08]} Nf6 {[%emt 0:00:05]} 5. Nf3 {[%emt 0:00:06]} Bg4 {[%emt 0:00:08]} 6. h3 {[%emt 0:00:15]} Bxf3 {[%emt 0:00:09]} 7. Qxf3 {[%emt 0:00:08]} c6 {[%emt 0:00:06]} 8. Bf4 {[%emt 0:01:02]} Qd8 {[%emt 0:00:23]} 9. O-O-O {[%emt 0:04:24]} e6 {[%emt 0:00:08]} 10. Bc4 {[%emt 0:02:46]} Nd5 {[%emt 0:01:12]} 11. Bd2 {[%emt 0:03:40]} Nxc3 {[%emt 0:00:37]} 12. Bxc3 {[%emt 0:00:32]} Qg5+ {[%emt 0:16:23]} 13. Kb1 {[%emt 0:00:15]} Be7 {[%emt 0:05:13]} 14. Rhe1 {[%emt 0:03:01]} O-O {[%emt 0:01:21]} 15. Re4 {[%emt 0:00:43]} g6 {[%emt 0:08:12]} 16. h4 {[%emt 0:12:53]} Qh6 {[%emt 0:03:57]} 17. Bd2 {[%emt 0:00:57]} Qg7 {[%emt 0:01:36]} 18. h5 {[%emt 0:00:08]} Nd7 {[%emt 0:09:39]} 19. hxg6 {[%emt 0:03:04]} fxg6 {[%emt 0:00:54]} 20. Bxe6+ {[%emt 0:00:35]} Kh8 {[%emt 0:00:13]} 21. Qh3 {[%emt 0:00:34]} Nf6 {[%emt 0:05:26]} 22. Ree1 {[%emt 0:06:46]} Nh5 {[%emt 0:02:02]} 23. Bc3 {[%emt 0:07:58]} Nf4 {[%emt 0:05:26]} 24. Qg3 {[%emt 0:03:32]} Nxe6 {[%emt 0:02:40]} 25. Rxe6 {[%emt 0:00:27]} Bf6 {[%emt 0:00:59]} 26. Rxf6 {[%emt 0:02:10]} Rxf6 {[%emt 0:00:02]} 27. d5 {[%emt 0:00:08]} Kg8 {[%emt 0:02:55]} 28. dxc6 {[%emt 0:00:31]} bxc6 {[%emt 0:01:24]} 29. Bxf6 {[%emt 0:03:28]} Qxf6 {[%emt 0:00:09]} 30. Qb3+ {[%emt 0:00:07]} Qf7 {[%emt 0:04:25]} 31. Qxf7+ {[%emt 0:01:18]} Kxf7 {[%emt 0:00:01]} 32. Rd7+ {[%emt 0:00:02]} Kg8 {[%emt 0:00:01]} 33. Kc1 {[%emt 0:00:31]} Rf8 {[%emt 0:00:40]} 34. f3 {[%emt 0:00:07]} Rf7 {[%emt 0:00:19]} 35. Rd6 {[%emt 0:00:14]} Rc7 {[%emt 0:00:03]} 36. Kd2 {[%emt 0:00:45]} Kf7 {[%emt 0:03:17]} 37. c4 {[%emt 0:01:48]} c5 {[%emt 0:00:54]} 38. Rd5 {[%emt 0:01:01]} Ke6 {[%emt 0:00:46]} 39. Kc3 {[%emt 0:00:10]} Rc6 {[%emt 0:02:52]} 40. Rd8 {[%emt 0:00:10]} Ra6 {[%emt 0:02:47]} 41. a3 {[%emt 0:00:08]} h5 {[%emt 0:00:46]} 42. Rd5 {[%emt 0:00:48]} Ra5 {[%emt 0:01:47]} 43. Kd3 {[%emt 0:00:14]} Kf6 {[%emt 0:00:54]} 44. Ke4 {[%emt 0:00:13]} g5 {[%emt 0:02:12]} 45. Rd6+ {[%emt 0:00:12]} Kg7 {[%emt 0:00:50]} 46. Kd5 {[%emt 0:00:19]} g4 {[%emt 0:00:58]} 47. fxg4 {[%emt 0:00:09]} hxg4 {[%emt 0:00:02]} 48. Rc6 {[%emt 0:00:09]} Kf7 {[%emt 0:00:42]} 49. Rxc5 {[%emt 0:00:17]} Ra6 {[%emt 0:00:19]} 50. Rc6 {[%emt 0:01:52]} Ra5+ {[%emt 0:00:22]} 51. c5 {[%emt 0:00:07]} Rb5 {[%emt 0:00:13]} 52. b4 {[%emt 0:00:12]} a5 {[%emt 0:00:17]} 53. Rb6 {[%emt 0:00:28]} Rxb6 {[%emt 0:00:35]} 54. cxb6 {[%emt 0:00:02]} axb4 {[%emt 0:00:12]} 55. axb4 {[%emt 0:00:08]} Kf6 {[%emt 0:00:14]} 56. b7 {[%emt 0:00:05]} Kf5 {[%emt 0:00:08]} 57. b8=Q {[%emt 0:00:09]} Kg5 {[%emt 0:00:14]} 58. Ke5 {[%emt 0:00:18]} g3 {[%emt 0:00:08]} 59. Qg8+ {[%emt 0:00:12]} Kh4 {[%emt 0:00:13]} 60. Kf5 {[%emt 0:00:15]} 1-0

[Event "Chile Championship Women 2022"]
[Site "Las Condes"]
[Date "2022.02.23"]
[Round "7.4"]
[White "Morales Flores, Monserrat"]
[Black "Toro Pradenas, Maria Jose"]
[Result "1/2-1/2"]
[WhiteElo "1943"]
[BlackElo "1979"]
[Annotator "TA"]
[PlyCount "33"]
[EventDate "2022.02.18"]
[EventType "tourn"]
[EventCountry "CHI"]
[SourceTitle "playchess.com"]
[Source "ChessBase"]
[SourceQuality "1"]

{[%evp 26,33,0,0,0,0,0,0,8,2]} 1. e4 c5 2. Nf3 e6 3. d4 cxd4 4. Nxd4 a6 5. Be2 Nf6 6. Nc3 Qc7 7. O-O Be7 8. f4 d6 9. a4 O-O 10. Be3 Nc6 11. Kh1 Nxd4 12. Bxd4 e5 13. Be3 exf4 14. Bxf4 {The position is equal.} Be6 {B85: Sicilian Scheveningen: 6 Be2 a6, lines with early Be3.} 15. Nd5 Bxd5 16. exd5 {[#]} Qc5 $146 ({Predecessor:} 16... Nd7 17. c4 a5 18. b3 g6 19. Bh6 Rfe8 20. Qd4 Bf8 21. Bxf8 Rxf8 22. Rae1 Rae8 {0-1 (34) Prasanna Raghuram,R (2427)-Negi,P (2643) Pune 2014}) 17. Bf3 {To avoid Ne4. A rather calm draw.} 1/2-1/2

[Event "Chile Championship Women 2022"]
[Site "Las Condes"]
[Date "2022.02.23"]
[Round "7.5"]
[White "Lemus Pena, Macarena"]
[Black "Vildosola Canales, Melany Selena"]
[Result "1-0"]
[WhiteElo "1703"]
[BlackElo "1645"]
[Annotator "NA RC"]
[PlyCount "57"]
[EventDate "2022.02.18"]
[EventType "tourn"]
[EventCountry "CHI"]
[SourceTitle "playchess.com"]
[Source "ChessBase"]
[SourceQuality "1"]
[TimeControl "5400+30"]

1. Nf3 {[%emt 0:09:42]} Nf6 {[%emt 0:05:18]} 2. c4 {[%emt 0:01:26]} g6 {[%emt 0:00:38]} 3. b4 {[%emt 0:00:24]} Bg7 {[%emt 0:00:16]} 4. Bb2 {[%emt 0:00:09]} O-O {[%emt 0:00:12]} 5. g3 {[%emt 0:00:26]} d5 {[%emt 0:00:09]} 6. cxd5 {[%emt 0:00:20]} Nxd5 {[%emt 0:00:14]} 7. Bxg7 {[%emt 0:00:25]} Kxg7 {[%emt 0:00:08]} 8. Qb3 {[%emt 0:00:11]} Be6 {[%emt 0:03:42]} 9. Ng5 {[%emt 0:07:53]} Bc8 {[%emt 0:07:44]} 10. Nc3 {[%emt 0:02:23]} Nf6 {[%emt 0:04:09]} 11. Bg2 {[%emt 0:02:04]} h6 {[%emt 0:04:26]} 12. Nf3 {[%emt 0:00:37]} Nbd7 {[%emt 0:01:38]} 13. O-O {[%emt 0:09:39]} Nb6 {[%emt 0:02:44]} 14. d3 {[%emt 0:00:42]} Be6 {[%emt 0:05:00]} 15. Qb2 {[%emt 0:00:08]} Rc8 {[%emt 0:02:54]} 16. b5 {[%emt 0:01:46]} Qd6 {[%emt 0:01:56]} 17. Ne4 {[%emt 0:04:36]} Qd8 {[%emt 0:07:25]} 18. Nc5 {[%emt 0:07:23]} Rb8 {[%emt 0:11:44]} 19. Nxe6+ {[%emt 0:01:05]} fxe6 {[%emt 0:00:02]} 20. a4 {[%emt 0:01:16]} Qd6 {[%emt 0:00:54]} 21. Ne5 {[%emt 0:09:38]} Kh7 {[%emt 0:02:35]} 22. d4 {[%emt 0:05:25]} Nbd5 {[%emt 0:09:58]} 23. Rfd1 {[%emt 0:11:50]} a5 {[%emt 0:06:34]} 24. Qc2 {[%emt 0:04:41]} Rg8 {[%emt 0:01:41]} 25. e4 {[%emt 0:00:55]} Nb4 {[%emt 0:02:01]} 26. Qd2 {[%emt 0:00:16]} Rg7 {[%emt 0:02:40]} 27. Nc4 {[%emt 0:01:45]} Qd8 {[%emt 0:04:57]} 28. Nxa5 {[%emt 0:00:14]} c5 {[%emt 0:00:15]} 29. Nb3 {[%emt 0:03:56]} 1-0